000
00275nam a22001097a 4500
999
_c
2889
_d
2889
008
190404e1991 mx ||||| |||| 00| 0 spa d
100
1
_a
Behrman, Richard
245
1
_a
Nelson. Compendio de pediatria
250
_a
1a ed.
260
_a
Mexico
_b
Interamericana
_c
1991
500
_3
Baja